A taste of danger (Record no. 6188)

MARC details
000 -LEADER
fixed length control field 00775 a2200229 4500
020 ## - INTERNATIONAL STANDARD BOOK NUMBER
International Standard Book Number 7671400499
Terms of availability 106.25
020 ## - INTERNATIONAL STANDARD BOOK NUMBER
Terms of availability 106.75
035 ## - SYSTEM CONTROL NUMBER
System control number B-212088
035 ## - SYSTEM CONTROL NUMBER
System control number B-211542
037 ## - SOURCE OF ACQUISITION
Source of stock number/acquisition RP-RKP-8-11/ UBH-07-08:SPL CH / RP-07-08:ENG
037 ## - SOURCE OF ACQUISITION
Source of stock number/acquisition RP-V V-8 / UBH-07-08:SPL CH / RP-07-08:ENG
082 14 - DEWEY DECIMAL CLASSIFICATION NUMBER
Classification number S
090 ## - LOCALLY ASSIGNED LC-TYPE CALL NUMBER (OCLC); LOCAL CALL NUMBER (OCLC)
-- 6302
-- 6302
100 1# - MAIN ENTRY--PERSONAL NAME
Personal name Keene, Carolyn
245 1# - TITLE STATEMENT
Title A taste of danger
Statement of responsibility, etc by Carolyn Keene
260 ## - PUBLICATION, DISTRIBUTION, ETC. (IMPRINT)
Place of publication, distribution, etc New York
Name of publisher, distributor, etc Aladdin Paperbacks
Date of publication, distribution, etc 2003
300 ## - PHYSICAL DESCRIPTION
Extent 169 p
Dimensions 18 cm (pbk)
490 ## - SERIES STATEMENT
Series statement Nancy Drew girl detective 174
942 ## - ADDED ENTRY ELEMENTS (KOHA)
Institution code [OBSOLETE] dpl
Koha item type English Books
Call number prefix S / KEE
Holdings
Withdrawn status Lost status Source of classification or shelving scheme Damaged status Not for loan Home library Current library Cost, normal purchase price Total Checkouts Full call number Barcode Date last seen Uniform Resource Identifier Cost, replacement price Price effective from Koha item type
    Dewey Decimal Classification     R.K.Puram-8 R.K.Puram-8 106.25   S KEE B-212088 15/09/2008 6636 106.25 15/09/2008 English Books
    Dewey Decimal Classification     Shahdara Branch Shahdara Branch 106.25   S KEE B-211542 15/09/2008 6678 106.25 15/09/2008 English Books

© Delhi Public Library
Hit Counter
free hit counter